01240cam a22003012i 4500001000700000003000700007005001700014008004100031020003800072040002300110042000900133100003400142245030200176250001400478260004000492300003000532504001700562650003000579650002400609650002400633650002100657700003100678700002900709700004000738700002600778700001900804765011500823955424YEEZEN20260127142357.0241022s2024 ch e 000 0 chi d a9786264060172q(平裝) :cNT$500 aCIPdYMGbchicCIP anbic1 a費德c(Fadel, Charles)e著10aAI時代的教育 :b面對瞬息萬變的模糊未來,孩子為何而學、要學什麼、如何去學 /c查爾斯.費德(Charles Fadel), 亞歷克西斯.布萊克(Alexis Black), 羅比.泰勒(Robbie Taylor), 珍妮特.斯勒辛斯基(Janet Slesinski), 凱蒂.鄧恩(Katie Dunn)著; 謝儀霏譯 a第一版 a臺北市 :b親子天下,c2024.09 a287面 ;b圖 :c23公分 a參考書目 72lcstta電腦輔助教學 72lcstta人工智慧 72lcstta教學設計 72lcstta教學法1 a布萊克c(Black, Alexis)1 a泰勒c(Taylor, Robbie)1 a斯勒辛斯基c(Slesinski, Janet)1 a鄧恩c(Dunn, Katie)1 a謝儀霏e譯0 aEducation for the Age of AI :bWhy, What and How should students learn for the age of Artificial Intelligence.